Pays du monde - trois minutes de sprint - Statistiques

Statistiques générales
  • Ce quiz a été pris 559 fois
    558 depuis la dernière actualisation
  • Le résultat moyen est 83 sur 196
Réponses sur la Carte
Les réponses sont colorées sur une échelle allant du rouge au vert en fonction du pourcentage des utilisateurs qui les ont devinées à leur premier essai. Vous pouvez retrouver ces pourcentages ci-dessous.
 
Statistiques - réponses
Country % Correct
France
93%
Canada
90%
Russie
89%
Chine
88%
Espagne
88%
Brésil
85%
Mexique
85%
Italie
81%
Portugal
80%
Argentine
79%
Inde
79%
Allemagne
78%
Chili
77%
Suède
77%
Australie
76%
Etats-Unis
76%
Islande
76%
Japon
76%
Irlande
75%
Maroc
75%
Algérie
74%
Pérou
73%
Finlande
71%
Danemark
68%
Norvège
68%
Mongolie
67%
Pologne
67%
Bolivie
66%
Turquie
66%
Égypte
65%
Irak
65%
Tunisie
65%
Grèce
64%
Iran
64%
Uruguay
64%
Belgique
63%
Colombie
63%
Estonie
63%
Paraguay
62%
Suisse
62%
Ukraine
62%
Équateur
59%
Lettonie
59%
Libye
59%
Lituanie
59%
Oman
58%
Royaume-Uni
58%
Indonésie
57%
Mali
57%
Yémen
56%
Afrique du Sud
55%
Panama
55%
Pays-Bas
55%
Venezuela
55%
Cuba
54%
Autriche
53%
République démocratique du Congo
53%
République du Congo
53%
Laos
52%
Monaco
51%
Roumanie
50%
Andorre
49%
Guyana
48%
Soudan
48%
Corée du Nord
47%
Corée du Sud
47%
Niger
47%
Belize
46%
Costa Rica
46%
Malte
46%
Népal
46%
Pakistan
46%
Suriname
46%
Viêt Nam
46%
Serbie
45%
Bulgarie
44%
Honduras
44%
Israël
44%
Thaïlande
44%
Nigeria
43%
Syrie
43%
Arabie Saoudite
42%
Guatemala
42%
Hongrie
42%
Madagascar
42%
Malaisie
42%
Nicaragua
42%
Albanie
41%
Biélorussie
41%
Haiti
41%
Togo
41%
Vatican
41%
Chypre
40%
Kazakhstan
40%
Liban
40%
Mauritanie
40%
Somalie
40%
Tchad
40%
Bhoutan
39%
Croatie
39%
Luxembourg
39%
Cambodge
38%
Philippines
38%
Slovaquie
38%
Bosnie-Herzégovine
37%
Nouvelle-Zélande
37%
Taïwan
37%
Ghana
36%
Moldavie
36%
Qatar
36%
Slovénie
36%
Sri Lanka
36%
Birmanie
35%
Éthiopie
35%
Kosovo
35%
Salvador
35%
Angola
34%
Bahamas
34%
Sénégal
34%
Afghanistan
33%
Guinée
33%
Jordanie
33%
Saint-Marin
33%
Arménie
32%
Bénin
32%
Jamaïque
32%
Maldives
32%
Monténégro
32%
Lesotho
31%
Namibie
31%
Samoa
31%
Kenya
30%
Macédoine
30%
Soudan du Sud
30%
Tonga
30%
Tuvalu
30%
Comores
29%
Nauru
29%
Bahreïn
28%
Bangladesh
28%
Gabon
28%
Gambie
28%
Koweït
28%
Vanuatu
28%
Brunei
27%
Cap-Vert
27%
Géorgie
27%
Malawi
27%
Singapour
27%
Zambie
27%
Fidji
26%
Liechtenstein
26%
Palaos
26%
Seychelles
26%
Tanzanie
26%
Barbade
25%
Kiribati
25%
Salomon
25%
Dominique
24%
Ouzbékistan
24%
Antigua-et-Barbuda
23%
Cameroun
23%
Érythrée
23%
Grenade
23%
Mozambique
23%
Rwanda
22%
Sainte-Lucie
22%
Sao Tomé-et-Principe
22%
Azerbaïdjan
21%
Djibouti
21%
Émirats arabes unis
21%
Burundi
20%
Micronésie
20%
République dominicaine
19%
Saint-Vincent-et-les-Grenadines
19%
Tadjikistan
19%
Botswana
18%
Ouganda
18%
Turkménistan
18%
Liberia
17%
République tchèque
17%
Côte d'Ivoire
16%
Papouasie-Nouvelle-Guinée
16%
Saint-Christophe-et-Niévès
16%
Timor oriental
16%
Burkina Faso
15%
Guinée-Bissau
15%
Kirghizistan
15%
Trinité-et-Tobago
15%
Swaziland
14%
Zimbabwe
14%
Sierra Leone
13%
Île Maurice
12%
Îles Marshall
12%
Guinée équatoriale
9%
République Centrafricaine
4%
Aucun quiz correspondant
Distribution des résultats
% des personnes avec chaque résultat
Percentile par nombre de réponses
Votre historique - résultats
Vous n’avez pas pris ce quiz depuis la dernière actualisation